00911nam a2200229 a 450000100100000000500170001000800410002704000250006804100130009310000230010624000380012924500780016726000470024530000210029249000200031350000420033359000750037583000270045004900090047795201780048699900170066400003495320200930074017.0111024s1955 ag 000 0 spa d aDO-SdBNPbspacBNPHU17aspahger1 aJung, C. G.96054412aPsychologie und ReligionlSpanish10aPsicología y religión /cCarl Gustav Jung ; tr. Ilse T.M. de Brugger. aBuenos Aires :bEdiciones Paidós,c1955. a163 p. ;c21 cm.1 aPaidós studio aIncluye notas al pie de las páginas aPerteneció a la biblioteca personal de Juan Isidro Jimenes Grullón 0aPaidós studio949141 aBNPD 001050718RVaGRbGRcCTd2011-10-24iLF1l0o p34953-10r2020-06-25w2020-06-25y1zPerteneció a la biblioteca personal de Juan Isidro Jimenes Grullón.ZNo se presta c34444d34444